Statystyki dla Wszystkie budynki w CoC'u(Clash of Clans)

Kliknij tutaj aby rozwiązać quiz!

Ogólne statystyki

  • Ten quiz został rozwiązany 31 razy
    (30 od ostatniego zresetowania)
  • Średni wynik to 40 z 74

Statystyki odpowiedzi

HintOdpowiedź% Poprawnych
Builder BaseArcher Tower
95%
Home VillageArcher Tower
95%
Home VillageTown Hall
95%
Home VillageCannon
90%
Builder BaseCannon
90%
Home VillageBomb
86%
Home VillageMortar
86%
Home VillageBarracks
81%
Builder BaseElixir Collector
81%
Home VillageElixir Collector
81%
Builder BaseElixir Storage
81%
Home VillageElixir Storage
81%
Builder BaseGold Storage
81%
Home VillageGold Storage
81%
Builder BaseGold Mine
76%
Home VillageGold Mine
76%
Home VillageWall
76%
Builder BaseWall
76%
Home VillageDark Elixir Storage
71%
Home VillageWizard Tower
71%
Home VillageX-Bow
71%
Home VillageArcher Queen
67%
Builder BaseGem Mine
67%
Home VillageInferno Tower
67%
Home VillageLaboratory
67%
Home VillageArmy Camp
62%
Builder BaseArmy Camp
62%
Home VillageBarbarian King
62%
Home VillageClan Castle
62%
Home VillageDark Barracks
62%
Home VillageDark Elixir Drill
62%
Builder BaseSpring Trap
62%
Home VillageSpring Trap
62%
Home VillageAir Bomb
57%
Home VillageBomb Tower
57%
Home VillageAir Defense
52%
Home VillageGiant Bomb
52%
Home VillageGrand Warden
52%
Builder BaseBuilder Hall
48%
Home VillageDark Spell Factory
48%
Home VillageHidden Tesla
48%
Builder BaseHidden Tesla
48%
Home VillageRoyal Champion
48%
Home VillageSpell Factory
48%
Home VillageBuilder's Hut
43%
Builder BaseCrusher
43%
Home VillageEagle Artillery
43%
Builder BaseMine
43%
Builder BaseMulti Mortar
43%
Builder BasePush Trap
43%
Home VillageTornado Trap
43%
Home VillageAir Sweeper
38%
Builder BaseBuilder Barracks
38%
Builder BaseMega Mine
38%
Builder BaseMega Tesla
38%
Builder BaseBattle Machine
33%
Builder BaseFirecrackers
33%
Home VillageMonolith
33%
Home VillageScattershot
33%
Home VillageSeeking Air Mine
33%
Home VillageSkeleton Trap
33%
Builder BaseAir Bombs
29%
Builder BaseClock Tower
29%
Builder BaseDouble Cannon
29%
Home VillagePet House
29%
Builder BaseStar Laboratory
29%
Builder BaseGiant Cannon
24%
Builder BaseGuard Post
24%
Builder BaseLava Launcher
24%
Builder BaseO.T.T.O Hut
24%
Home VillageSpell Tower
24%
Home VillageWork Shop
24%
Builder BaseRoaster
19%
Home VillageMaster Builder's Hut
14%

Rozkład punktacji

Percentyl według liczby udzielonych odpowiedzi

Procent ludzi z każdym wynikiem

Twoja historia wyników

Nie rozwiązałeś tego quizu od ostatniego zresetowania